| 000 | 01324nam0a22002651 4500 | ||
|---|---|---|---|
| 001 | rc\3001029 | ||
| 005 | 20260406143629.0 | ||
| 035 | _a(NLR Aleph) 007144168 | ||
| 090 |
_a7085715 _c7085716 |
||
| 100 | _a20110919d1940 |||y0rusy50 ca | ||
| 101 | 0 | _arus | |
| 102 | _aRU | ||
| 105 | _aa z ||||| | ||
| 200 | 1 |
_a"Наш цирк" _eАттракционное представление в 2-х д. _e[К постановке] _fТекст Ю. Гауша _gГос. кукольный театр под руководством засл. артиста РСФСР Евг. Деммени |
|
| 210 |
_aЛенинград _cБ. и. _d1940 _gТип. "Ленинградская правда" |
||
| 215 |
_a21, [3] с. _cил. _d12 см |
||
| 423 | 0 |
_12001#$a"Кукольный город"$eПьеса в 3-х д.$fЕвг. Шварца _1702#1$aШварц$bЕ. Л.$cписатель, драматург$f1896-1958$gЕвгений Львович$3RU\NLR\AUTH\776253$4570 _t"Кукольный город" |
|
| 702 | 1 |
_aГауш _bЮ. _4570 |
|
| 710 | 0 | 2 |
_aЛенинградский кукольный театр под руководством Е. Деммени _9341627 _3RU\NLR\AUTH\889922841 |
| 801 | 0 |
_aRU _bNLR _gpsbo |
|
| 801 | 1 |
_aRU _bELAR _2rusmarc |
|
| 852 |
_aNLR _j40-10/2534 |
||
| 942 | _cBOOK | ||
| 980 | _aNB | ||